Managing people at work : a manager's guide to behaviour in organizations
Saved in:
| Main Author: | |
|---|---|
| Format: | Book |
| Language: | English |
| Published: |
London : New York :
McGraw-Hill,
c1986
|
| Edition: | 2nd ed. |
| Subjects: | |
| Tags: |
Add Tag
No Tags, Be the first to tag this record!
|
MARC
| LEADER | 00000cam a2200000 i 4500 | ||
|---|---|---|---|
| 001 | 1/37603 | ||
| 008 | 950208s1986 eng d | ||
| 020 | |a 0070849277 ((pbk.)) |c $9.95 | ||
| 035 | |l 10024706 | ||
| 040 | |a GR-MY-UA |b gre |e aacr | ||
| 041 | 0 | |a eng | |
| 082 | 0 | |a 658.3 |2 (19) | |
| 100 | 1 | |a Hunt, John W. (John Wallace) | |
| 245 | 1 | 0 | |a Managing people at work : |b a manager's guide to behaviour in organizations / |c John W. Hunt |
| 250 | |a 2nd ed. | ||
| 260 | |a London : |a New York : |b McGraw-Hill, |c c1986 | ||
| 300 | |a viii, 286 p.; |b ill.; |c 23 cm | ||
| 504 | |a Includes bibliographies and index | ||
| 650 | 0 | 0 | |a Personnel management. |
| 852 | |a INST |b CHIOS |e 19950208 |h 658.3 HUN |p 005200004479 |q 005200004479 |t BK |y 0 | ||
| 909 | |a Χ |b 010377 | ||